TSG 1899 Hoffenheim Squad 2023-2024 - Statistics

General Stats
  • This quiz has been taken 48 times
    29 since last reset
  • The average score is 21 of 33
Answer Stats
# Position Nation Player % Correct
1 GK Germany Oliver Baumann
100%
3 DF Czech Republic Pavel Kadeřábek
100%
27 FW Croatia Andrej Kramarić
96%
5 DF Turkey Ozan Kabak
96%
9 FW Togo Ihlas Bebou
93%
11 MF Austria Florian Grillitsch
89%
41 DF Hungary Attila Szalai
85%
10 FW Netherlands Wout Weghorst
81%
23 DF United States John Anthony Brooks
78%
14 FW Germany Maximilian Beier
78%
25 DF Nigeria Kevin Akpoguma
74%
22 DF Germany Kevin Vogt
74%
21 FW Germany Marius Bülter
74%
- Coach United States Pellegrino Matarazzo
74%
16 MF Germany Anton Stach
70%
6 MF Germany Grischa Prömel
70%
29 FW Denmark Robert Skov
70%
8 MF Germany Dennis Geiger
67%
7 FW Germany Mërgim Berisha
67%
18 MF Mali Diadié Samassékou
63%
39 MF Germany Tom Bischof
63%
19 DF Czech Republic David Jurásek
59%
17 MF Germany Julian Justvan
48%
34 DF France Stanley Nsoki
48%
15 DF Ghana Kasim Adams
44%
20 MF Germany Finn Ole Becker
37%
37 GK Germany Luca Philipp
37%
40 MF Germany Umut Tohumcu
37%
33 FW Germany Max Moerstedt
33%
36 GK Germany Nahuel Noll
30%
48 DF Germany Joshua Quarshie
22%
30 DF Germany Marco John
22%
31 FW Germany Bambasé Conté
19%
No matching quizzes found
Score Distribution
Percent of People with Each Score
Percentile by Number Answered
Your Score History
You have not taken this quiz since the last reset